000 05677cam a22018614i 4500
003 PE-LiUPU
005 20250813165353.0
008 150908s2015 sp a 001 0 spa d
020 _a8494345168
020 _a9788494345166
035 _a(Sirsi) i9788494345166
040 _aESALI
_bspa
_cESALI
_dPE-LiUPU
_erda
049 _aPRUA
082 _a664.02853
_bC47
_220
100 1 _aCenzano, Ana M.,
_eautor.
245 1 0 _aTecnología de la congelación de los alimentos /
_cAna M. Cenzano, Javier M. Cenzano.
264 _aMadrid :
_bAMV,
_c2015.
300 _a272 páginas :
_bilustraciones ;
_c24 centímetros.
336 _text
_2rdacontent
337 _unmediated
_2rdamedia
338 _volume
_2rdacarrier
505 2 _aLa conservación de alimentos -- Composición y valor nutritivo de los alimentos congelados -- La congelación y ultracongelación de alimentos -- La congelación combinada con el envasado en atmósferea modificada (EAM) y con la liofilización -- Producción de frio para la conservación de alimentos por refrigeración y congelación -- El frío mediante gases criogénicos -- Armarios, cámaras y túneles de congelación -- La congelación de la carne y de los productos cárnicos -- La congelación del pescado y productos derivados -- Congelación de frutas y verduras -- Preparación y coelación de platos cocinados y precocinados -- Congelación de productos lácteos, helados y ovoproductos, salsas y zumos -- Conelación de productos de panadería, bollería y pastelería -- Higiene, limpieza y desinfección en la cadena alimentaria -- Norma general relativa a los alimentos ultracongelados destinados a la alimentación humana -- Anteproyecto de código de prácticas revisado para la elaboración de manipulación de los alimentos congelados rápidamente -- Normas de higiene para la elaboración, distribución y comercio de comidas preparadas -- Libros sobre ciencia y tecnología de los alimentos.
526 _aP203
526 _aP200
526 _aSEG65
526 _aSEG64
526 _aSEG63
526 _aSEG62
526 _aSEG61
526 _aSEG60
526 _aSEG59
526 _aSEG58
526 _aSEG57
526 _aSEG56
526 _aSEG55
526 _aSEG54
526 _aSEG53
526 _aSEG52
526 _aSEG51
526 _aSEG50
526 _aSEG49
526 _aSEG48
526 _aSEG47
526 _aSEG46
526 _aSEG24
526 _aSEG23
526 _aSEG22
526 _aSEG21
526 _aSEG20
526 _aSEG19
526 _aSEG18
526 _aSEG17
526 _aSEG16
526 _aSEG14
526 _aSEG13
526 _aSEG12
526 _aSEG11
526 _aSEG10
526 _aSEG09
526 _aSEG06
526 _aSEG05
526 _aSEG04
526 _aSEG03
526 _aSEG02
526 _aSEG68
526 _aSEG66
526 _aSEG45
526 _aSEG25
526 _aSEG01
526 _aP163
526 _aP162
526 _aP161
526 _aP160
526 _aP159
526 _aP158
526 _aP157
526 _aP156
526 _aP155
526 _aP154
526 _aP153
526 _aP152
526 _aP151
526 _aP150
526 _aP149
526 _aP142
526 _aP141
526 _aP140
526 _aP139
526 _aP138
526 _aP137
526 _aP132
526 _aP131
526 _aP130
526 _aP126
526 _aP125
526 _aP124
526 _aP123
526 _aP115
526 _aP122
526 _aP121
526 _aP116
526 _a P114
526 _aP112
526 _aP111
526 _aP104
526 _aP103
526 _aP102
526 _aP101
526 _aP100
526 _aP96
526 _aP95
526 _aP93
526 _aP92
526 _aP91
526 _aP88
526 _aP83
526 _aP82
526 _aP79
526 _aP78
526 _aP75
526 _aP74
526 _aP71
526 _aP69
526 _a P51
526 _aP49
526 _aP48
526 _aP47
526 _aP33
526 _aP31
526 _a P30
526 _aP29
526 _aP27
526 _aP26
526 _aP25
526 _aP24
526 _a P22
526 _aP10
526 _aP09
526 _a P08
526 _aP06
526 _aP05
526 _aP04
526 _aP01
541 _g0020-0000839;
650 4 _aAlimentos
_xConservación
650 4 _aAlimentos
_xIndustria y comercio
650 4 _aAlimentos
_xRefrigeración
700 1 _aCenzano, Javier M.,
_eautor.
942 _2ddc
_cBOOK
949 _a664.02853 C47
_wDEWEY
_c1
_i74102
_d2016-9-28
_e2016-9-25
_lCCODEBUL1
_mBUL
_n3
_p38.98
_r0
_sY
_tBOOK
_u2016-7-25
_xINGENIERIA
_PP26
_0COMPRA
_o.STAFF. Colección General
949 _a664.8 C47 2015
_wDEWEY
_c1
_iFJ06848
_lCCODEBUJ1
_mBUJ
_p50.91
_r0
_sY
_tBOOK
_u2017-10-24
_xINGENIERIA
_PP26
_0COMPRA
_o.STAFF -- Colección General Juliaca
949 _a664.8 C47 2015
994 _aC0
_bPEPRU
596 _a1 3
999 _a664.02853 C47
_wDEWEY
_c11452
_i74102
_d11452
_e2020-2-3
_f2021-11-9
_g7
_lCCODEBUL1
_mBUL
_n7
_p38.98
_q3
_r0
_sY
_tBOOK
_u2016-7-25
_xINGENIERIA
_PP26
_0COMPRA
_o.STAFF. Colección General
999 _a664.8 C47 2015
_wDEWEY
_c1
_iFJ06848
_d2019-10-9
_e2019-10-7
_f2022-2-1
_g4
_lCCODEBUJ1
_mBUJ
_n1
_p50.91
_q3
_r0
_sY
_tBOOK
_u2017-2-14
_xINGENIERIA
_PP26
_0COMPRA
_o.STAFF. Colección General Juliaca
980 _81
_gALBERTO SANCHEZ Responsable de Automatización